|
|
|
|
| LEADER |
00799ncm a22002292a 4500 |
| 001 |
001135993 |
| 003 |
CZ BrMZK |
| 005 |
20110120142209.0 |
| 007 |
qu |
| 008 |
110120s1941 xr |||||||||||||||||cze d |
| 040 |
|
|
|a BOA001
|b cze
|
| 041 |
0 |
|
|a cze
|a hrv
|
| 072 |
|
7 |
|a 788
|x Hudba pro dechové nástroje
|2 Konspekt
|9 9
|
| 100 |
1 |
|
|a Pilát, František,
|d 1874-1942
|7 jx20090731005
|4 aut
|
| 245 |
1 |
0 |
|a Lidová a praktická škola na křídlovku C-B, trompetu C-B a baskřídlovku C-B
|h [hudebnina] :
|b se zřetelem na samouky /
|c F. Pilát
|
| 250 |
|
|
|a Nové opr. vyd.
|
| 260 |
|
|
|a Brno :
|b Jaroslav Stožický,
|c [1941?]
|
| 300 |
|
|
|a 56 s.
|
| 910 |
|
|
|a BOA001
|b Mus1-0161.009
|
| 990 |
|
|
|a MU
|
| 991 |
|
|
|b 201101
|
| 996 |
6 |
|
|b 2619354811
|c Mus1-0161.009
|l MZK
|r Sklad / do 1 hodiny
|n 0
|w 001165855
|u 000010
|a 1
|e BOA001
|j MZK50
|s P
|